Sports Quiz

Random Sports or NBA Quiz

ABA Team Career Assist Leaders Quiz Stats

 Plays Quiz not verified by Sporcle

Challenge
Share
Tweet
Embed
Score 0/30 Timer 06:00
0 Plays Today
Team Player % Correct
Oakland Oaks*Larry Brown
88.6%
Washington Capitals*Larry Brown
88.6%
New Orleans BuccaneersJimmy Jones
84.1%
Kentucky Colonels*Louie Dampier
81.8%
San Antonio SpursJames Silas
81.8%
Memphis SoundsChuck Williams
77.3%
Pittsburgh Pipers*Connie Hawkins
77.3%
San Diego ConquistadorsChuck Williams
77.3%
Denver NuggetsRalph Simpson
75%
Los Angeles StarsMack Calvin
75%
The FloridiansMack Calvin
75%
Indiana PacersFreddie Lewis
72.7%
Pittsburgh CondorsMike Lewis
72.7%
Spirits of St LouisFreddie Lewis
72.7%
Denver RocketsAl Smith
68.2%
Team Player % Correct
Utah StarsRon Boone
68.2%
New York NetsBill Melchionni
63.6%
Virginia SquiresFatty Taylor
63.6%
Carolina CougarsJoe Caldwell
61.4%
Miami FloridiansDonnie Freeman
54.5%
Minnesota MuskiesDonnie Freeman
54.5%
Texas ChaparralsJoe Hamilton
54.5%
Houston MavericksWillie Somerset
50%
Dallas ChaparralsCharles Beasley
47.7%
Memphis TamsGeorge Thompson
45.5%
Anaheim AmigosStephen Chubin
43.2%
San Diego SailsKevin Joyce
43.2%
Memphis ProsGerald Govan
40.9%
Minnesota PipersArt Heyman
34.1%
New Jersey AmericansWalter Simon
31.8%

You're not logged in!

Compare scores with friends on all Sporcle quizzes.
Join for Free
OR
Log In

You Might Also Like...

Show Comments

Extras

Top Quizzes Today


Score Distribution

Your Account Isn't Verified!

In order to create a playlist on Sporcle, you need to verify the email address you used during registration. Go to your Sporcle Settings to finish the process.

Report this User

Report this user for behavior that violates our Community Guidelines.

Details: